ĐôÌ£ng vâÌ£t hoÌ£c không xương sống Giáo triÌ€nh duÌ€ng cho các trươÌ€ng Cao đẳng Sư phaÌ£m

TriÌ€nh baÌ€y những kiến thức cơ bản vaÌ€ khái quát của môÌ£t số không lớn các ngaÌ€nh vaÌ€ lớp đôÌ£ng vâÌ£t không xương sống laÌ€m giáo triÌ€nh cơ sở cho sinh viên ngaÌ€nh sinh hoÌ£c vaÌ€ laÌ€ nôÌ£i dung trưÌ£c tiếp g...

Descrizione completa

Salvato in:
Dettagli Bibliografici
Autore principale: Thái, TrâÌ€n Bái
Altri autori: Nguyễn, Văn Khang
Natura: Libro
Lingua:Undetermined
Pubblicazione: H. Giáo dục 1999
Soggetti:
Accesso online:http://lrc.tdmu.edu.vn/opac/search/detail.asp?aID=2&ID=7055
Tags: Aggiungi Tag
Nessun Tag, puoi essere il primo ad aggiungerne! !
Thư viện lưu trữ: Trung tâm Học liệu Trường Đại học Thủ Dầu Một
LEADER 01431nam a2200229Ia 4500
001 TDMU_7055
008 210410s9999 xx 000 0 und d
082 |a 592.1 
090 |b TH112 
100 |a Thái, TrâÌ€n Bái 
245 0 |a ĐôÌ£ng vâÌ£t hoÌ£c không xương sống 
245 0 |b Giáo triÌ€nh duÌ€ng cho các trươÌ€ng Cao đẳng Sư phaÌ£m 
245 0 |c Thái TrâÌ€n Bái (chủ biên), Nguyễn Văn Khang 
260 |a H. 
260 |b Giáo duÌ£c 
260 |c 1999 
300 |a 340tr. 
520 |a TriÌ€nh baÌ€y những kiến thức cơ bản vaÌ€ khái quát của môÌ£t số không lớn các ngaÌ€nh vaÌ€ lớp đôÌ£ng vâÌ£t không xương sống laÌ€m giáo triÌ€nh cơ sở cho sinh viên ngaÌ€nh sinh hoÌ£c vaÌ€ laÌ€ nôÌ£i dung trưÌ£c tiếp giảng daÌ£y ở phổ thông cơ sở 
650 |a ĐôÌ£ng vâÌ£t không xương sống; Sinh hoÌ£c; ĐôÌ£ng vâÌ£t; ĐôÌ£ng vâÌ£t không xương sống 
700 |a Nguyễn, Văn Khang 
856 |u http://lrc.tdmu.edu.vn/opac/search/detail.asp?aID=2&ID=7055 
980 |a Trung tâm Học liệu Trường Đại học Thủ Dầu Một